000 00586nam a2200217Ia 4500
008 180523s9999 xx 000 0 und d
020 _a978-007-108798-5
050 _aMAIN HF 5549.2
050 _b.U5H86 2010
245 0 _aHuman resource management :
245 0 _bgaining a competitive advantage /
245 0 _cRaymond A. Noe… [et al].
260 _aNew York :
260 _bMcGraw-Hill,
260 _c2010
300 _a799 pages :
300 _billustrations ;
300 _c25 cm.
500 _aIncludes index.
650 _aPersonnel management -- United States.
999 _c357160
_d357160